| LEADER 00000nam 2200000uu 4500 |
| 001 213179 |
| 003 ULIBM |
| 008 020711s2558 th a 000 0 tha d |
| 020 9786167287119
|
| 041 ^atha
|
| 060 4 W 62 ค695 2558
|
| 245 คู่มือทักษะการสื่อสารสำหรับครู/^cบรรณาธิการ ชิษณุ พันธุ์เจริญ, จรุงจิตร์ งามไพบูลย์
|
| 250 พิมพ์ครั้งที่ 2
|
| 260 กรุงเทพฯ :^bศูนย์ฝึกอบรมทักษะการสื่อสาร ฝ่ายกุมารเวชศาสตร์ โรงพยาบาลจุฬาลงกรณ์,^c2558
|
| 300 104 หน้า ;^c19 ซม.
|
| 650 4 การสื่อสาร^xคู่มือ
|
| 650 4 ^aการสื่อสารทางการพยาบาล^xคู่มือ
|
| 650 4 ^aครูพยาบาล^xคู่มือ
|
| 700 0 ^aชิษณุ พันธุ์เจริญ,^eบรรณาธิการ
|
| 700 0 ^aจรุงจิตร์ งามไพบูลย์,^eบรรณาธิการ
|
| 710 2 ^aโรงพยาบาลจุฬาลงกรณ์. ฝ่ายกุมารเวชศาสตร์ ศูนย์ฝึกอบรมทักษะการสื่อสาร
|
| 999 ^aใช้งานได้ทุกระบบ
|